Whisky time 9

Bibliographic Details
Main Authors: Žitňanský, Robert, 1976-2018 (Author), Peteraj, Kamil, 1945- (Author)
Format: Article
Language:Slovak
Subjects:

MARC

LEADER 00000nab a2200000 a 4500
001 vtls000582644
003 SK-MaSNL
005 20260304091832.0
008 250425c1996 xo 0 slo
015 |a SNBRB19rr/mm-uuuuu 
035 |a CL0582783 
035 |a urn:nbn:sk:snk-abbpsx 
035 |a (urnnbn)urn:nbn:sk:snk:ar-002mty 
035 |a (uuid)c41b0f35-5415-473d-919c-c39649330cfb 
040 |a SNKBUCL  |b slo  |c SNKBUCL  |e AACR2 
041 0 |a slo 
044 |a xo  |c SK 
080 |a 78.071.1/.2:784.66  |2 1981 
080 |a 784.66  |2 1981 
100 1 |a Žitňanský, Robert,  |d 1976-2018  |4 aut  |9 102770 
245 1 0 |a Whisky time 9  |c Robert Žitňanský 
600 1 7 |a Müller, Richard,  |d 1961-  |2 snkbucl  |9 92700 
600 1 7 |a Šeban, Andrej,  |d 1962-  |t Baal (nahrávka CD)  |2 snkbucl  |9 1384732 
655 7 |a recenzie  |2 snkbucl  |9 21907 
655 7 |a články z novín a časopisov  |2 snkbucl  |9 267496 
700 1 |a Peteraj, Kamil,  |d 1945-  |4 aut  |9 198049 
773 0 |t Dotyky  |g Roč. 8, č. 2 (1996), s. 33 
850 |a Slovenská národná knižnica 
852 |a Slovenská národná knižnica 
958 |a article15 
958 |a RK 
958 |a SK 
958 |a OND 
958 |a EUIPO 
992 |a RBX 
999 |c 2817023  |d 2818953